Strength of materials / (Record no. 3287)

000 -LEADER
fixed length control field 00402nam a22001577a 4500
008 - FIXED-LENGTH DATA ELEMENTS--GENERAL INFORMATION
fixed length control field 200326b ||||| |||| 00| 0 eng d
020 ## - INTERNATIONAL STANDARD BOOK NUMBER
International Standard Book Number 0333109287
082 00 - DEWEY DECIMAL CLASSIFICATION NUMBER
Classification number 620.112
Item number R9923
100 ## - MAIN ENTRY--PERSONAL NAME
9 (RLIN) 690
Personal name Ryder, G. H.
245 10 - TITLE STATEMENT
Title Strength of materials /
250 ## - EDITION STATEMENT
Edition statement 3rd ed.
260 ## - PUBLICATION, DISTRIBUTION, ETC. (IMPRINT)
Place of publication, distribution, etc London
Name of publisher, distributor, etc Mcmillan
Date of publication, distribution, etc 1982
300 ## - PHYSICAL DESCRIPTION
Extent xii, 340 p.
650 #0 - SUBJECT ADDED ENTRY--TOPICAL TERM
Topical term or geographic name as entry element Strength of Materials
942 ## - ADDED ENTRY ELEMENTS (KOHA)
Item type Books
Holdings
Withdrawn status Lost status Source of classification or shelving scheme Damaged status Not for loan Permanent location Current location Date acquired Full call number Barcode Date last seen Koha item type
          IMU Kolkata IMU Kolkata 2020-03-26 620.112 R9923 05691 2020-03-26 Books
          IMU Kolkata IMU Kolkata 2020-03-26 620.112 R9923 05692 2020-03-26 Books
          IMU Kolkata IMU Kolkata 2020-03-26 620.112 R9923 05693 2020-03-26 Books
Designed and Maintained by IMU-KC Library, Kolkata Campus © Copyright All Rights Reserved

webs counters

Powered by Koha